Una habitación propia

Saved in:
Bibliographic Details
Main Author: Woolf, Virginia, 1882-1941 (autora)
Format: Book
Language:Spanish
Published: Cuernavaca, México. Planeta Mexicana S.A, 2017
Series:Austral Singular
Subjects:
Tags: Add Tag
No Tags, Be the first to tag this record!

MARC

LEADER 00000cam a2200000 a 4500
001 UCC9848
003 CL-VaPUC
005 20230530092820.0
008 191117e20170000mx spa d
999 |c 170757  |d 170755 
020 |a 9786070743924 
040 |c Pontificia Universidad Católica de Valparaíso 
082 0 4 |a 823 WOO 2017  |2 21 
100 |a Woolf, Virginia,   |d 1882-1941  |e autora  |9 265377 
245 1 4 |a Una habitación propia 
260 |a Cuernavaca, México.  |b Planeta Mexicana S.A,  |c 2017 
300 |a 155 páginas  
490 0 |a Austral Singular 
583 |a last modification  |c 20191117 22:03:00  |k cmena 
650 0 0 |a Novelas inglesas  |9 265220 
650 0 0 |a Literatura inglesa  |9 312907 
852 |a BIBCUR 
942 |c BK  |2 ddc 
945 |a dcastane  |d 20191117 22:03:00 
952 |0 0  |1 0  |3 erb  |4 0  |6 823_000000000000000_WOO_2017  |7 0  |8 A  |9 495468  |a BIBEDU  |b BIBEDU  |d 2019-11-17  |e 1  |g 39429.00  |i 5565723  |l 12  |m 3  |o 823 WOO 2017  |p 5565723  |r 2024-10-14  |s 2024-09-23  |v 39429.00  |w 2020-01-06  |y BK  |z Catalogado en:20191117  |k LIT